| 000 | 00543nam a2200181Ia 4500 | ||
|---|---|---|---|
| 001 | 12214 | ||
| 005 | 20260306162925.0 | ||
| 008 | 260306t2023||||xx |||||||||||||| ||spa|| | ||
| 041 | _aESP | ||
| 082 |
_aHR 340 _bMAY-AGO 2023 RPDI.2 |
||
| 110 | _aSociedad Peruana de Derecho Internacional | ||
| 245 | 0 |
_aRevista peruana de derecho internacional : _bórgano de difusión de la sociedad peruana de derecho internacional |
|
| 260 | _c2023 | ||
| 300 |
_a290 páginas : _c21 cm. |
||
| 650 | _aGEN | ||
| 654 | _aCDE | ||
| 942 |
_cREV _dJUS _fJUS _2ddc _n |
||
| 999 |
_c12214 _d12214 |
||